<?xml version="1.0" encoding="UTF-8"?><?xml-stylesheet type="text/xsl" href="static/style.xsl"?><OAI-PMH xmlns="http://www.openarchives.org/OAI/2.0/" xmlns:xsi="http://www.w3.org/2001/XMLSchema-instance" xsi:schemaLocation="http://www.openarchives.org/OAI/2.0/ http://www.openarchives.org/OAI/2.0/OAI-PMH.xsd"><responseDate>2026-06-01T02:06:11Z</responseDate><request verb="GetRecord" identifier="oai:riuma.uma.es:10630/17425" metadataPrefix="marc">https://riuma.uma.es/rest/oai/request</request><GetRecord><record><header><identifier>oai:riuma.uma.es:10630/17425</identifier><datestamp>2026-02-03T12:08:47Z</datestamp><setSpec>com_10630_2254</setSpec><setSpec>col_10630_37959</setSpec></header><metadata><record xmlns="http://www.loc.gov/MARC21/slim" xmlns:dcterms="http://purl.org/dc/terms/" xmlns:doc="http://www.lyncode.com/xoai" xmlns:xsi="http://www.w3.org/2001/XMLSchema-instance" xsi:schemaLocation="http://www.loc.gov/MARC21/slim http://www.loc.gov/standards/marcxml/schema/MARC21slim.xsd">
   <leader>00925njm 22002777a 4500</leader>
   <datafield ind2=" " ind1=" " tag="042">
      <subfield code="a">dc</subfield>
   </datafield>
   <datafield ind2=" " ind1=" " tag="720">
      <subfield code="a">Cuevas-del-Barrio, Javier</subfield>
      <subfield code="e">author</subfield>
   </datafield>
   <datafield ind2=" " ind1=" " tag="260">
      <subfield code="c">2019-03-13</subfield>
   </datafield>
   <datafield ind2=" " ind1=" " tag="520">
      <subfield code="a">Esta investigación muestra el uso de la figura de Pelayo en tres momentos históricos precisos: la Edad Media, en la que se escribe el martirio del santo; el siglo XVI, en el que se crean las imágenes del retablo de San Pelayo de Becerril de Campos, coincidiendo con la proclamación de la Pragmática contra la sodomía por parte de los Reyes Católicos; y la Guerra Civil española y el primer franquismo, cuando el retablo llega a la ciudad de Málaga, y la figura de Pelayo cobra nuevos significados. Metodológicamente, esta investigación propone lecturas queer de la figura de Pelayo, enlazando con la tradición anglosajona de Queer Iberia, una tradición que, partiendo de Américo Castro, revisa la literatura producida en la Edad Media ibérica desde una perspectiva queer.</subfield>
   </datafield>
   <datafield ind1="8" ind2=" " tag="024">
      <subfield code="a">https://hdl.handle.net/10630/17425</subfield>
   </datafield>
   <datafield tag="653" ind2=" " ind1=" ">
      <subfield code="a">Pelayo</subfield>
   </datafield>
   <datafield tag="653" ind2=" " ind1=" ">
      <subfield code="a">Historia del arte</subfield>
   </datafield>
   <datafield tag="653" ind2=" " ind1=" ">
      <subfield code="a">Abderramán</subfield>
   </datafield>
   <datafield ind2="0" ind1="0" tag="245">
      <subfield code="a">Pelayo: arqueología y usos de la imagen desde la perspectiva queer</subfield>
   </datafield>
</record>
</metadata></record></GetRecord></OAI-PMH>